Welcome to the Holygrace Academy Library

Please use search bar below to get started

KUTTIKALUDE SAMBOORNA BIBLE (Record no. 5253)

MARC details
000 -LEADER
fixed length control field 00340nam a22001457a 4500
020 ## - INTERNATIONAL STANDARD BOOK NUMBER
ISBN 81-89125-05-02
082 ## - DEWEY DECIMAL CLASSIFICATION NUMBER
Classification number 220
Item number ONA/K
100 ## - MAIN ENTRY--AUTHOR NAME
Personal name ONAKKUR, GEORGE
245 ## - TITLE STATEMENT
Title KUTTIKALUDE SAMBOORNA BIBLE
250 ## - EDITION STATEMENT
Edition statement FIRST EDITION
260 ## - PUBLICATION, DISTRIBUTION, ETC. (IMPRINT)
Place of publication TRIVANDRUM
Name of publisher AUTHENTIC BOOKS
Year of publication 2007
300 ## - PHYSICAL DESCRIPTION
Number of Pages 271
650 ## - SUBJECT ADDED ENTRY--TOPICAL TERM
Topical Term RELIGIOUS
Geographic subdivision KERALA
942 ## - ADDED ENTRY ELEMENTS (KOHA)
Koha item type Books
Holdings
Withdrawn status Lost status Collection code Home library Current library Shelving location Date acquired Source of acquisition Cost, normal purchase price Full call number Accession Number Koha item type
    Non-fiction Main Library Main Library SHELF 15 C-RELIGIOUS 15/05/2009 purchase 350.00 220 ONA/K 04088 Books